Hgh court of Sikkim: commemorating fifty glorious years of the judiciary in Sikkim, 2009-2010 (Record no. 328)
[ view plain ]
| 000 -LEADER | |
|---|---|
| fixed length control field | 00319nam a2200109Ia 4500 |
| 008 - FIXED-LENGTH DATA ELEMENTS--GENERAL INFORMATION | |
| fixed length control field | 230125s9999 xx 000 0 und d |
| 082 ## - DEWEY DECIMAL CLASSIFICATION NUMBER | |
| Classification number | 340 |
| Item number | PRAH |
| 100 ## - MAIN ENTRY--PERSONAL NAME | |
| Personal name | Pradhan, Jagat B. |
| 245 #0 - TITLE STATEMENT | |
| Title | Hgh court of Sikkim: commemorating fifty glorious years of the judiciary in Sikkim, 2009-2010 |
| 260 ## - PUBLICATION, DISTRIBUTION, ETC. | |
| Date of publication, distribution, etc. | 2009-2010 |
| 942 ## - ADDED ENTRY ELEMENTS (KOHA) | |
| Koha item type | Book |
| Withdrawn status | Lost status | Source of classification or shelving scheme | Damaged status | Not for loan | Collection code | Home library | Current library | Shelving location | Date acquired | Cost, normal purchase price | Full call number | Barcode | Date last seen | Price effective from | Koha item type |
|---|---|---|---|---|---|---|---|---|---|---|---|---|---|---|---|
| Dewey Decimal Classification | Non-fiction | RIC Library | RIC Library | General Stacks | 01/25/2023 | 140.00 | 340 PRAH | 000321 | 01/25/2023 | 01/25/2023 | Book |
